000 00510nam a2200169 a 4500
001 HSB011472
005 20150202153315.0
008
020 _a9789710090525
050 _aBL 65.W67
_b.P136 2010
100 _aPadua-Olmedo, Yay.
245 0 _aGoing up? down : making right choices at work /
_cYay Padua-Olmedo.
260 _aManila :
_c2010.
_bOMF Literature, Inc.,
300 _a157 pages :
_c18 cm.
650 _aWork
_xReligious aspects.
942 _2lcc
_cBK
_kFOR
999 _c282520
_d282520